Statistics for Irregular British Demonyms to City

Click here to take the quiz!

General Stats

  • This quiz has been taken 92 times
  • The average score is 15 of 22

Answer Stats

Demonym Town/City % Correct
GlaswegianGlasgow
100%
LancastrianLancaster
99%
BrummieBirmingham
99%
Mancunian, MancManchester
97%
OxonianOxford
97%
BlackpudlianBlackpool
96%
DundonianDundee
95%
AberdonianAberdeen
95%
ColcestrianColchester
94%
ScouserLiverpool
92%
Geordie, NovocastrianNewcastle upon Tyne
87%
Stokie, PotterStoke
84%
WulfrunianWolverhampton
71%
CantabrigianCambridge
60%
SotonianSouthampton
51%
SluffSlough
49%
Loiner, LeodensianLeeds
48%
MackemSunderland
45%
JackSwansea
25%
SalopianShrewsbury
23%
BuddiePaisley
8%
DoonhamerDumfries
8%

Score Distribution

Percentile by Number Answered

Percent of People with Each Score

Your Score History

You have not taken this quiz